000 00808nam a2200229 a 4500
001 000039119
005 20201002031515.0
008 130523s2012 dr ac 000 p spa d
020 _a9789945455830
040 _aDO-SdBNP
_bspa
_cBNPHU
082 _aPR861.44
_bA776c
100 1 _aArrillaga, María,
_d1940-
_914084
245 1 0 _aCiudades como mares :
_bpoesía 1966-1993 /
_cMaría Arrillaga.
260 _aSan Juan, Puerto Rico :
_bIsla Negra,
_c2012.
300 _a292 p. :
_bil., retrs. ;
_c23 cm.
490 1 _aEl cañon secuestrado
500 _aIncluye datos biográficos del autor en la solapa de la contracubierta.
650 4 _aPoesía puertorriqueña
_91015
650 4 _aLiteratura puertorriqueña
_9250
830 3 _aEl cañon secuestrado
_96917
910 _aValidado. Control de calidad BNPHU
999 _c38609
_d38609